<?xml version="1.0" encoding="UTF-8"?>
<record
    xmlns:xsi="http://www.w3.org/2001/XMLSchema-instance"
    xsi:schemaLocation="http://www.loc.gov/MARC21/slim http://www.loc.gov/standards/marcxml/schema/MARC21slim.xsd"
    xmlns="http://www.loc.gov/MARC21/slim">

  <leader>01023cam a2200265   4500</leader>
  <controlfield tag="005">20160413174110.0</controlfield>
  <controlfield tag="008">160413b2004    mx||||| |||| 00| 0  spa d</controlfield>
  <datafield tag="020" ind1=" " ind2=" ">
    <subfield code="a">9707015152</subfield>
  </datafield>
  <datafield tag="050" ind1="0" ind2="4">
    <subfield code="a">F1256 </subfield>
    <subfield code="b">F56 2004</subfield>
  </datafield>
  <datafield tag="100" ind1="1" ind2=" ">
    <subfield code="a">Flores, Genoveva.</subfield>
  </datafield>
  <datafield tag="245" ind1="1" ind2="3">
    <subfield code="a">La seducci&#xF3;n de Marcos a la prensa : </subfield>
    <subfield code="b">versiones sobre el levantamiento zapatista / </subfield>
    <subfield code="c"> Genoveva Flores.</subfield>
  </datafield>
  <datafield tag="250" ind1=" " ind2=" ">
    <subfield code="a">1a. ed.</subfield>
  </datafield>
  <datafield tag="260" ind1=" " ind2=" ">
    <subfield code="a">M&#xE9;xico : </subfield>
    <subfield code="b">C&#xE1;mara de Diputados, LIX Legislatura : </subfield>
    <subfield code="b"> Tecnol&#xF3;gico de Monterrey, Campus Estado de M&#xE9;xico : </subfield>
    <subfield code="b"> Miguel &#xC1;ngel Porr&#xFA;a Grupo Editorial, </subfield>
    <subfield code="c"> 2004.</subfield>
  </datafield>
  <datafield tag="300" ind1=" " ind2=" ">
    <subfield code="a">276 p. : </subfield>
    <subfield code="b"> mapas ; </subfield>
    <subfield code="c"> 21 cm..</subfield>
  </datafield>
  <datafield tag="440" ind1="0" ind2=" ">
    <subfield code="a">Conocer para decidir</subfield>
  </datafield>
  <datafield tag="504" ind1=" " ind2=" ">
    <subfield code="a">Bibliograf&#xED;a : p. 269-276</subfield>
  </datafield>
  <datafield tag="504" ind1=" " ind2=" ">
    <subfield code="a">Incluye &#xED;ndice.</subfield>
  </datafield>
  <datafield tag="506" ind1=" " ind2=" ">
    <subfield code="a">Donaci&#xF3;n</subfield>
  </datafield>
  <datafield tag="600" ind1="1" ind2="4">
    <subfield code="a">Marcos, </subfield>
    <subfield code="c">subcomandante.</subfield>
  </datafield>
  <datafield tag="650" ind1=" " ind2="7">
    <subfield code="a">Periodistas </subfield>
    <subfield code="x">M&#xE9;xico </subfield>
    <subfield code="2"> lemb.</subfield>
  </datafield>
  <datafield tag="650" ind1=" " ind2="7">
    <subfield code="a">Prensa </subfield>
    <subfield code="z"> M&#xE9;xico </subfield>
    <subfield code="x"> Historia </subfield>
    <subfield code="y"> Siglo XX </subfield>
    <subfield code="2"> lemb.</subfield>
  </datafield>
  <datafield tag="651" ind1=" " ind2="4">
    <subfield code="a">Chiapas (Mexico) </subfield>
    <subfield code="x">Historia </subfield>
    <subfield code="y"> 1994-</subfield>
  </datafield>
  <datafield tag="651" ind1=" " ind2="4">
    <subfield code="a">Chiapas (Mexico) </subfield>
    <subfield code="x">Historiograf&#xED;a.</subfield>
  </datafield>
  <datafield tag="942" ind1=" " ind2=" ">
    <subfield code="2">lcc</subfield>
    <subfield code="c">LIB</subfield>
  </datafield>
  <datafield tag="999" ind1=" " ind2=" ">
    <subfield code="c">83064</subfield>
    <subfield code="d">83064</subfield>
  </datafield>
  <datafield tag="952" ind1=" " ind2=" ">
    <subfield code="1">0</subfield>
    <subfield code="2">lcc</subfield>
    <subfield code="4">0</subfield>
    <subfield code="7">0</subfield>
    <subfield code="a">LIC-002</subfield>
    <subfield code="b">LIC-002</subfield>
    <subfield code="c">GENERAL</subfield>
    <subfield code="d">2016-04-13</subfield>
    <subfield code="f">1a. ed.</subfield>
    <subfield code="h">BFD000007548</subfield>
    <subfield code="i">D</subfield>
    <subfield code="k">CSA</subfield>
    <subfield code="o">F1256 F56 2004</subfield>
    <subfield code="p">BFD000007548</subfield>
    <subfield code="r">2016-04-13 00:00:00</subfield>
    <subfield code="t">1</subfield>
    <subfield code="y">LIB</subfield>
  </datafield>
</record>
